| 000 | 00722nam a22002177a 4500 | ||
|---|---|---|---|
| 999 |
_c11618 _d11618 |
||
| 003 | AR-CdUCM | ||
| 008 | 190404b ||||| |||| 00| 0 spa d | ||
| 040 |
_aMUNICIPALIDAD PROVINCIAL DEL CUSCO _cBIBLIOTECA MUNICIPAL DEL CUSCO |
||
| 082 |
_a860.4 / _bH48 / 1926 |
||
| 100 |
_aHidalgo, Alberto _95809 |
||
| 245 | _aIndice de la nueva poesía americana / | ||
| 260 |
_a Buenos : _bEl inca ediciones espaciales, _c1926. |
||
| 300 |
_a280 páginas : _c18 cm. |
||
| 505 | _aContenido : Argentina -- Colombia -- Chile -- Ecuador - México ... | ||
| 650 |
_aIndice _929073 |
||
| 650 |
_aPoesía _9139 |
||
| 650 |
_aAmericana _924541 |
||
| 700 |
_aHuidobro, Vicente _916861 |
||
| 942 |
_2ddc _cLIBROS |
||
| 945 |
_arah _d04/04/2019 |
||